000 00472nam a2200169Ia 4500
003 GCL
008 140319s9999 xx 000 0 eng d
040 _aGCL /
_cGCL
082 0 4 _a729
_bL C
100 1 _aLOASBY, WERN
245 1 0 _aCREATIVE INTERIORS: A COMPLETE PRACTICAL COURSE IN INTERIOR DESIGN /
_cLOASBY, WERN
260 _a[S.N] :
_bDAVID & CHARLES ،
_c1993
300 _a256 P
650 0 4 _aINTERIOR DECORATION
650 0 4 _aINTERIOR DESIGN
942 _2ddc
_cBK
999 _c25037
_d25037